00326nam a22001337a 4500003000400000008004100004020001700045100002100062245003700083250001200120260002900132300000900161650002200170OSt201119b ||||| |||| 00| 0 eng d a978818045022 aBhardwaj, Rakesh aPhysical Chemistry B.Sc.1 Sem. I a9th Ed. aNew DelhibR Chandc2020 aMisc aB.Sc. Non Medical